| 000 | 00685nam a22002297a 4500 | ||
|---|---|---|---|
| 942 | _cBK | ||
| 999 |
_c850 _d850 |
||
| 005 | 20250420134826.0 | ||
| 008 | 230427b ||||| |||| 00| 0 eng d | ||
| 020 | _a9780134652696 | ||
| 040 | _cKCST | ||
| 082 |
_a428.24 _bNo Un |
||
| 100 |
_aNorloff, Charl _95759 |
||
| 245 |
_aUniversity success: writing: advanced / _cCharl Norloff |
||
| 260 |
_aPearson Education: _bHoboken, NJ; _c2018. |
||
| 300 |
_a416 p. _b colour illustrations ; _c 24 cm |
||
| 521 | _aCEFR B1-B1+, GSE 43-58 | ||
| 650 |
_aEnglish language _vWriting _95760 |
||
| 650 |
_aTextbooks for foreign speakers _95761 |
||
| 700 |
_aMoore, Ruth _95763 |
||
| 700 |
_aSokolik, Maggie _95786 |
||
| 942 | _2ddc | ||